Root pruning of pecan rootstocks in different containers (Registro n. 339794)
[ somente texto ]
| 000 -LÍDER | |
|---|---|
| fixed length control field | 04433nab a2200337 n 4500 |
| 003 - CÓDIGO MARC DA AGÊNCIA CATALOGADORA | |
| Campo de controle | BR-BrBNA |
| 005 - DATA E HORA DA ÚLTIMA ATUALIZAÇÃO | |
| Campo de controle | 20260111155431.0 |
| 008 - CAMPO DE TAMANHO FIXO | |
| fixed length control field | 260111b2022 bl.|r|pooa||| 00| 0 eng | |
| 040 ## - FONTE DA CATALOGAÇÃO | |
| Agência catalogadora | BR-BrBNA |
| Idioma da catalogação | eng |
| 072 ## - CATEGORIA AGRIS | |
| Código AGRIS | F02 |
| Código do objeto | 1240 |
| 072 ## - CATEGORIA AGRIS | |
| Código AGRIS | F01 |
| 100 ## - ENTRADA PRINCIPAL - NOME PESSOAL | |
| Nome pessoal | Silva, Guilherme Ferreira da |
| 100 ## - ENTRADA PRINCIPAL - NOME PESSOAL | |
| Nome pessoal | Martins, Carlos Roberto |
| 100 ## - ENTRADA PRINCIPAL - NOME PESSOAL | |
| Nome pessoal | Barreto, Caroline Farias |
| 100 ## - ENTRADA PRINCIPAL - NOME PESSOAL | |
| Nome pessoal | Hellwig, Cristiano Geremias |
| 100 ## - ENTRADA PRINCIPAL - NOME PESSOAL | |
| Nome pessoal | Mello-Farias, Paulo Celso |
| 245 ## - TÍTULO PRINCIPAL | |
| Título principal | Root pruning of pecan rootstocks in different containers |
| 500 ## - NOTA GERAL | |
| Nota geral | Publicação online; 32 ref.; 6 tables; Summaries (En, Pt) |
| 942 ## - ADDED ENTRY ELEMENTS (KOHA) | |
| Koha item type | Analítica |
| 520 ## - NOTA DE RESUMO | |
| Nota de conteúdo | <br/><br/><br/>Abstract - Quality pecan rootstocks that ensure genetic and phytosanitary safety, besides having good vegetative development, are extremely important to implant a successful orchard. Rootstocks with vigorous radicular systems affect plant growth. This study aimed at evaluating rootstock growth as the result of root pruning and the use of different containers to grow pecan rootstocks in an organic system. The experiment was conducted with “Barton” rootstocks in the experimental area at the Embrapa Clima Temperado in Pelotas, RS, Brazil, in 2018, 2019 and 2020. Rootstocks were evaluated in plastic bags and tubes and in the soil, associated with root pruning. Evaluation 280 and 480 days after transplant comprised the following: height of the aerial part, length of primary and secondary radicular systems, stem diameter, leaf area, dry mass of the aerial part, dry mass of the radicular system, dry mass of secondary roots and the Dickson Quality Index. The use of plastic bags to produce pecan rootstocks was found to coil roots at the bottom of the container. Neither containers nor root pruning affected stem diameter, an important parameter to carry out grafting. Pecan rootstocks with a non-pruned radicular system grown in plastic bags developed large main root and aerial part. Pruning of pecan radicular systems in containers and in the soil leads to increase in the number of main roots but decreases root length.<br/><br/><br/><br/>Index Terms: Carya illinoinensis, rootstock production, radicular system. |
| 520 ## - NOTA DE RESUMO | |
| Nota de conteúdo | <br/><br/><br/>Resumo - A qualidade do porta-enxerto de nogueira-pecã com segurança genética, fitossanitária e com bom desenvolvimento vegetativo é de suma importância para o sucesso na formação do pomar. O porta-enxerto com vigoroso sistema radicular influencia no crescimento da muda. O objetivo deste trabalho foi avaliar o crescimento do porta-enxerto em função da poda de raiz e de diferentes recipientes para a produção de muda de nogueira-pecã em sistema orgânico. O experimento foi conduzido com o porta-enxerto da cultivar Barton, na área experimental da Embrapa Clima Temperado, Estação Experimental Cascata, nos anos de 2018, 2019 e 2020. Os porta-enxertos foram avaliadas em sacos plásticos, tubetes e diretamente no solo, associado ao manejo da poda de raiz. Avaliaram-se, após 280 e 480 dias do transplante: altura da parte área, comprimento do sistema radicular primário e secundário, diâmetro de caule, área foliar e massa seca da parte aérea e do sistema radicular, e secundárias, e o Índice de qualidade de mudas de Dickson. Verificou-se que o uso do saco plástico para a produção de porta-enxertos de nogueirapecã enovela as raízes no final do recipiente. Os recipientes e a poda de raiz não afetam o diâmetro do caule, característica importante para a execução da enxertia. Os porta-enxertos de nogueira-pecã com sistema radicular não podado e cultivado em saco plástico desenvolvem maior raiz principal e parte aérea. A poda do sistema radicular da nogueira-pecã, em recipientes e no solo, promove o aumento do número de raízes principais, mas diminui o comprimento das raízes das mudas.<br/><br/><br/><br/>Termos para indexação: Carya illinoinensis, produção de porta-enxertos, sistema radicular. |
| 650 ## - ASSUNTO - THESAGRO | |
| Cabeçalho tópico ou nome geográfico | NOZ-PECÃ |
| 650 ## - ASSUNTO - THESAGRO | |
| Cabeçalho tópico ou nome geográfico | MUDA |
| 650 ## - ASSUNTO - THESAGRO | |
| Cabeçalho tópico ou nome geográfico | SISTEMA RADICULAR |
| 650 ## - ASSUNTO - THESAGRO | |
| Cabeçalho tópico ou nome geográfico | PORTA-ENXERTO |
| 650 ## - ASSUNTO - THESAGRO | |
| Cabeçalho tópico ou nome geográfico | PODA |
| 650 ## - ASSUNTO - THESAGRO | |
| Cabeçalho tópico ou nome geográfico | PRODUÇÃO ORGÂNICA |
| 773 0# - ENTRADA ANALÍTICA | |
| Host Biblionumber | 805 |
| Registro do item | 317059 |
| Imprenta | Jaboticabal-SP Sociedade Brasileira de Fruticultura 1978 |
| Outro identificador | 2024-3621 |
| Título | Revista Brasileira de Fruticultura (Brazil) |
| ISSN | 0100-2945 |
| Colação | v. 44(4) p. 1-9; (2022) |
| Número de controle de registro | BR2025005420 |
| 856 ## - ACESSO E ENDEREÇO ELETRÔNICO | |
| Identificador uniforme de recurso - URI | https://www.scielo.br/j/rbf/a/G8BMTP7wmXbJswCjKhkK4sd/?format=pdf&lang=en |
Nenhum exemplar disponível.

BINAGRI